En román paladino / (Record no. 28361)

MARC details
000 -LEADER
campo de control de longitud fija 00680nam a2200229 i 4500
001 - NÚMERO DE CONTROL
campo de control 28361
003 - IDENTIFICADOR DE NÚMERO DE CONTROL
campo de control ES-MaACL
005 - FECHA Y HORA DE LA ÚLTIMA TRANSACCIÓN
campo de control 20240510063032.0
007 - CAMPO FIJO DE DESCRIPCIÓN FÍSICA--INFORMACIÓN GENERAL
campo de control de longitud fija t|
008 - DATOS DE LONGITUD FIJA--INFORMACIÓN GENERAL
campo de control de longitud fija 030117s1970 sp ||||1| spa d
100 0# - ENTRADA PRINCIPAL--NOMBRE DE PERSONA
Nombre de persona Badosa, Enrique,
Fechas asociadas al nombre 1927-2021
9 (RLIN) 24566
245 10 - MENCIÓN DEL TÍTULO
Título En román paladino /
Mención de responsabilidad, etc. Enrique Badosa.
250 ## - MENCION DE EDICION
Mención de edición [1ª ed.].
260 ## - PUBLICACIÓN, DISTRIBUCIÓN, ETC.
Lugar de publicación, distribución, etc. Santander :
Nombre del editor, distribuidor, etc. La Isla de los Ratones,
Fecha de publicación, distribución, etc. 1970.
300 ## - DESCRIPCIÓN FÍSICA
Extensión 47 p. ;
Dimensiones 17 cm.
490 1# - MENCIÓN DE SERIE
Mención de serie Colección "Poetas de Hoy" ;
Designación de volumen o secuencia 59
830 ## - PUNTO DE ACCESO ADICIONAL DE SERIE-TÍTULO UNIFORME
Título uniforme Colección "Poetas de Hoy" ;
Designación de volumen o secuencia 59
9 (RLIN) 189058
852 ## - LOCALIZACIÓN
Ubicación ES-MaACL
Número de control de estantería 2073-F-19
Sublocalización o colección R.76181
852 ## - LOCALIZACIÓN
Ubicación ES-MaACL
Número de control de estantería C-43252
Sublocalización o colección R.78832
942 ## - ELEMENTOS DE ENTRADA SECUNDARIOS (KOHA)
Fuente del sistema de clasificación o colocación Clasificación decimal universal
Holdings
Estatus retirado Estado de pérdida Estado de daño No para préstamo Biblioteca de origen Biblioteca actual Ubicación en estantería Fecha de adquisición Fuente de adquisición Total de préstamos Signatura topográfica completa Código de barras Visto por última vez Precio de reemplazo Tipo de ítem Koha Colección
        Biblioteca del Ateneo de Madrid Biblioteca del Ateneo de Madrid Depósito 2 17/01/2008     C-43252 1029280 23/02/2023 23/02/2023 Libro impreso  
        Biblioteca del Ateneo de Madrid Biblioteca del Ateneo de Madrid Depósito folletos 17/01/2008     2073-F-19 1029279 23/02/2023 23/02/2023 Folleto Colección de folletos